| 000 | 00773nam a22002297a 4500 | ||
|---|---|---|---|
| 003 | SEM | ||
| 005 | 20260609162356.0 | ||
| 008 | 260602s2026 ai ||||gr||||||01|||arm|d | ||
| 020 | _a9789939935393 | ||
| 040 |
_aSEM _cSEM |
||
| 041 | _aarm | ||
| 080 | _a891.981-3/Ս-88 | ||
| 100 | _aՍտեփանյան, Կոլյա | ||
| 245 |
_aՈրտեղ / _cԿ․ Ստեփանյան ; Թարգմ․՝ Ն. Մանվելյան ; Խմբ․՝ Ա․ Սարգսյան |
||
| 260 |
_aԵրևան ։ _bՎերնատուն, _c2025․ |
||
| 300 |
_a303 էջ ; _c20 սմ |
||
| 650 |
_aՀայ գրականություն _xվեպ |
||
| 653 | _aՍԷՄ | ||
| 700 |
_aՄանվելյան, Նորայր _4trl. _eթարգմ․ |
||
| 700 |
_aՍարգսյան, Արմեն _4edt. _eխմբ |
||
| 942 |
_2udc _cBK _n0 |
||
| 999 |
_c77244 _d77244 |
||